<?xml version="1.0" encoding="UTF-8"?>
<collection xmlns="http://www.loc.gov/MARC21/slim">
 <record>
  <leader>01097nam a2200265 a 4500</leader>
  <controlfield tag="001">1/36427</controlfield>
  <controlfield tag="008">090126s1997    nl a     b    000 0 eng d</controlfield>
  <datafield tag="020" ind1=" " ind2=" ">
   <subfield code="a">0203985354</subfield>
  </datafield>
  <datafield tag="020" ind1=" " ind2=" ">
   <subfield code="a">9780203985359 (e-book)</subfield>
  </datafield>
  <datafield tag="035" ind1=" " ind2=" ">
   <subfield code="l">38952</subfield>
  </datafield>
  <datafield tag="040" ind1=" " ind2=" ">
   <subfield code="a">CVM</subfield>
   <subfield code="c">CVM</subfield>
   <subfield code="d">IQU</subfield>
   <subfield code="d">OCL</subfield>
   <subfield code="d">DLC</subfield>
   <subfield code="d">GR-PeUP</subfield>
  </datafield>
  <datafield tag="041" ind1=" " ind2=" ">
   <subfield code="a">eng</subfield>
  </datafield>
  <datafield tag="245" ind1="0" ind2="0">
   <subfield code="a">Transport economics</subfield>
   <subfield code="h">[electronic resource] :</subfield>
   <subfield code="b">selected readings /</subfield>
   <subfield code="c">edited by Tae Hoon Oum ... [et. al].</subfield>
  </datafield>
  <datafield tag="260" ind1=" " ind2=" ">
   <subfield code="a">Amsterdam :</subfield>
   <subfield code="b">Harwood Academic Publishers,</subfield>
   <subfield code="c">c1997.</subfield>
  </datafield>
  <datafield tag="300" ind1=" " ind2=" ">
   <subfield code="a">Ένα html e-book.</subfield>
  </datafield>
  <datafield tag="533" ind1=" " ind2=" ">
   <subfield code="a">Ηλεκτρονικό βιβλίο</subfield>
   <subfield code="e">Τρόπος πρόσβασης μέσω διαδικτύου.</subfield>
  </datafield>
  <datafield tag="650" ind1=" " ind2="4">
   <subfield code="a">Transportation.</subfield>
  </datafield>
  <datafield tag="650" ind1=" " ind2="4">
   <subfield code="a">Transportation</subfield>
   <subfield code="x">Costs.</subfield>
  </datafield>
  <datafield tag="655" ind1=" " ind2="4">
   <subfield code="a">Electronic books.</subfield>
  </datafield>
  <datafield tag="700" ind1="1" ind2=" ">
   <subfield code="a">Oum, Tae Hoon.</subfield>
  </datafield>
  <datafield tag="710" ind1="2" ind2=" ">
   <subfield code="a">Korea Research Foundation for the 21st Century.</subfield>
  </datafield>
  <datafield tag="852" ind1=" " ind2=" ">
   <subfield code="a">INST</subfield>
   <subfield code="b">UNIPILB</subfield>
   <subfield code="c">EBOOKS</subfield>
   <subfield code="e">20100312</subfield>
   <subfield code="p">00b38952</subfield>
   <subfield code="q">00b38952</subfield>
   <subfield code="t">ONLINE</subfield>
   <subfield code="y">0</subfield>
  </datafield>
  <datafield tag="856" ind1="4" ind2="0">
   <subfield code="u">http://www.tandfebooks.com/action/showBook?doi=10.4324/9780203985359</subfield>
  </datafield>
  <datafield tag="856" ind1="4" ind2=" ">
   <subfield code="d">/webopac/covers/02/38952_0203985354.jpg</subfield>
  </datafield>
  <datafield tag="856" ind1="4" ind2=" ">
   <subfield code="d">/webopac/covers/02/38952_9780203985359.jpg</subfield>
   <subfield code="z">(e-book)</subfield>
  </datafield>
 </record>
</collection>
